White women, race matters : the social construction of whiteness
Αποθηκεύτηκε σε:
| Κύριος συγγραφέας: | |
|---|---|
| Μορφή: | Βιβλίο |
| Γλώσσα: | English |
| Δημοσίευση: |
London :
Routledge,
1993
|
| Σειρά: | Gender, racism, ethnicity
|
| Θέματα: | |
| Ετικέτες: |
Προσθήκη ετικέτας
Δεν υπάρχουν, Καταχωρήστε ετικέτα πρώτοι!
|
MARC
| LEADER | 00000nam a2200000 i 4500 | ||
|---|---|---|---|
| 001 | 1/95451 | ||
| 008 | 970916s1993 eng d | ||
| 020 | |a 0-415-10511-0 | ||
| 035 | |1 ΠΑΡ |a 1997 |l 10009747 | ||
| 040 | |a GR-MY-UA |b gre |e aacr | ||
| 041 | 0 | |a eng | |
| 082 | 0 | |a 305.48 | |
| 100 | 1 | |a Frankenberg, Ruth. | |
| 245 | 1 | 0 | |a White women, race matters : |b the social construction of whiteness / |c Ruth Frankenberg |
| 260 | |a London : |b Routledge, |c 1993 | ||
| 300 | |a 289 p. | ||
| 490 | 1 | |a Gender, racism, ethnicity | |
| 504 | |a Includes bibliographical references and index | ||
| 650 | 0 | 0 | |a White women |z United States |x Social conditions. |
| 650 | 0 | 0 | |a White women |z United States |x Interviews. |
| 650 | 0 | 0 | |a Interracial marriage |z United States. |
| 650 | 0 | 0 | |a Racism |z United States. |
| 651 | 0 | |a United States |x Race relations. | |
| 830 | 0 | |a Gender, racism, ethnicity | |
| 852 | |a INST |b LESVOS |e 19970916 |h 305.48 FRA |p 005100010892 |q 005100010892 |t BK |y 0 | ||
| 909 | |a Λ |b 037801 | ||
| 922 | |a 1ΕΛΗ |b 199411 |c ΠΑΠΑΤΑΞΙΑΡΧΗΣ | ||
| 950 | |a 011-1994-08-31 | ||